All Alberta MPs and Federal Ridings - Statistics

General Stats
  • This quiz has been taken 6 times
  • The average score is 41 of 74
Answer Stats
Riding/MP % Correct
Corey Hogan
100%
Arnold Viersen
80%
Battle River—Crowfoot
80%
Calgary Centre
80%
Calgary Confederation
80%
Calgary East
80%
Calgary Heritage
80%
Calgary McKnight
80%
Calgary Nose Hill
80%
Edmonton Centre
80%
Edmonton Manning
80%
Edmonton Southeast
80%
Edmonton Strathcona
80%
Heather McPherson
80%
Laila Goodridge
80%
Lethbridge
80%
Michael Cooper
80%
Michelle Rempel Garner
80%
Pierre Poilievre
80%
Yellowhead
80%
Airdrie—Cochrane
60%
Blake Richards
60%
Calgary Crowfoot
60%
Calgary Midnapore
60%
Calgary Signal Hill
60%
Calgary Skyview
60%
Edmonton Gateway
60%
Edmonton Griesbach
60%
Edmonton Northwest
60%
Edmonton West
60%
Foothills
60%
Fort McMurray—Cold Lake
60%
Garnett Genuis
60%
Grande Prairie
60%
Greg McLean
60%
Jagsharan Singh Mahal
60%
Kerry Diotte
60%
Matt Jeneroux
60%
Medicine Hat—Cardston—Warner
60%
Peace River—Westlock
60%
Ponoka—Didsbury
60%
Red Deer
60%
Shuv Majumdar
60%
St. Albert—Sturgeon River
60%
Tom Kmiec
60%
Ziad Aboultaif
60%
Amanpreet Gill
40%
Blaine Calkins
40%
Bow River
40%
Calgary Shepard
40%
Dalwinder Gill
40%
Dane Lloyd
40%
David McKenzie
40%
Edmonton Riverbend
40%
Eleanor Olszewski
40%
John Barlow
40%
Lakeland
40%
Leduc—Wetaskiwin
40%
Mike Lake
40%
Parkland
40%
Rachael Thomas
40%
Sherwood Park—Fort Saskatchewan
40%
Stephanie Kusie
40%
William Stevenson
40%
Billy Morin
20%
Burton Bailey
20%
Chris Warkentin
20%
David Bexte
20%
Glen Motz
20%
Jasraj Hallan
20%
Kelly McCauley
20%
Pat Kelly
20%
Shannon Stubbs
20%
Tim Uppal
20%
No matching quizzes found
Score Distribution
Percent of People with Each Score
Percentile by Number Answered
Your Score History
You have not taken this quiz